Score 0/20 Timer 05:00
7 Plays Today
% Correct
Germany (Volkswagen)
97.6%
Australia (Qantas)
97.3%
Italy (Ferrari)
89.4%
France (Chanel)
86.3%
Japan (Toyota)
83.9%
Ireland (Guinness)
82.1%
Mexico (Dos Equis)
74.7%
South Korea (Hyundai)
73.1%
USA (Sporcle)
69.4%
Spain (Real Madrid)
67.3%
% Correct
Canada (Calgary Flames)
66.5%
Colombia (National Federation of Coffee Growers of Colombia)
64.2%
UK (Bentley)
63.4%
Netherlands (KLM)
59.9%
Switzerland (Rolex)
59.4%
India (Indian Oil)
53.1%
Sweden (H&M)
48.6%
Brazil (Petrobras)
42.2%
China (Industrial and Commercial Bank of China)
41.2%
Austria (Red Bull)
37.6%
Remove Ads.
Support Sporcle.
Get the best of Sporcle when you Go Orange. This ad-free experience offers more features, more stats, and more fun while also helping to support Sporcle. Thank you for becoming a member.

You're not logged in!

Compare scores with friends on all Sporcle quizzes.
OR
Log In

Show Comments

Extras

Top Quizzes Today


Score Distribution

Your Account Isn't Verified!

In order to create a playlist on Sporcle, you need to verify the email address you used during registration. Go to your Sporcle Settings to finish the process.

Report this User

Report this user for behavior that violates our Community Guidelines.

Details: